000 00613nam a22002177a 4500
005 20170124110048.0
010 _aA-576131
020 _c50.00
_a8171670962
035 _aA-576131
037 _bCen Lib/Ret
040 _aDPL
_bEN
082 _a793.73
_bSHA
100 _aSharma, Mukul
_924916
245 _aThe worst of mindsport /
_cby Mukul Sharma
260 _aNew Delhi
_bRupa & Co.
_c1992
270 _a 7/16 Ansari Road
_bNew Delhi
_e110002
300 _a152p. ;
_c21cm(Hb)
_bill.
650 _aMindsport
_9102219
650 _aMindsport
_9102220
942 _2ddc
_cEN
_h793.73
_mSHA
999 _c128949
_d128949